000 00980nam0a22002771 4500
001 rc\4185767
005 20250611123654.0
021 _aRU
_b[48-8665]
035 _a(NLR Aleph) 008193149
090 _a7988880
_c7988880
100 _a20130415d1948 |||y0rusy50 ca
101 0 _arus
102 _aRU
105 _abc z |||c|
200 1 _aМонгольская народная республика
_e[Полит.-экон. очерк
210 _aМосква]
_cГосполитиздат
_d1948
_gТип. "Кр. пролетарий"
215 _a112 с., 1 л. портр.
_cкарт.
_d19
300 _aПеред загл. авт.: Н.В. Цапкин
607 _aМонгольская народная республика
_2psbo
700 1 _aЦапкин
_bН.В.
_f1907-
_gНиколай Варлаамович
801 0 _aRU
_bNLR
_gpsbo
801 1 _aRU
_bELAR
_2rusmarc
852 _aNLR
_jМБР I-4213
852 _aNLR
_jИ90 Г-3/4
942 _cBOOK
980 _aNB